ՀՀ Գիտությունների ազգային ակադեմիայի հիմնարար գիտական գրադարան  =   Fundamental Scientific Library of NAS RA

Материалы и исследования по археологии Сибири / (Record no. 430616)

MARC details
000 -LEADER
fixed length control field 00991nam a22002177a 4500
003 - CONTROL NUMBER IDENTIFIER
control field AM-YeHGA
005 - DATE AND TIME OF LATEST TRANSACTION
control field 20250617155327.0
008 - FIXED-LENGTH DATA ELEMENTS--GENERAL INFORMATION
fixed length control field 190430s1952 ru ||||| |||| 00rus d
040 ## - CATALOGING SOURCE
Original cataloging agency AM-YeHGA
041 0# - LANGUAGE CODE
Language code of text/sound track or separate title rus
090 ## - LOCALLY ASSIGNED LC-TYPE CALL NUMBER (OCLC); LOCAL CALL NUMBER (RLIN)
-- 433174
245 00 - TITLE STATEMENT
Title Материалы и исследования по археологии Сибири /
Statement of responsibility, etc. Под ред. С.В. Киселев ; Институт истории материальной культуры АН СССР.
260 ## - PUBLICATION, DISTRIBUTION, ETC.
Place of publication, distribution, etc. Москва :
Name of publisher, distributor, etc. Изд-во АН СССР,
Date of publication, distribution, etc. 1952-
300 ## - PHYSICAL DESCRIPTION
Extent том
Other physical details
440 #0 - SERIES STATEMENT/ADDED ENTRY--TITLE
Title Материалы и исследования по археологии СССР
Volume/sequential designation № 24
505 10 - FORMATTED CONTENTS NOTE
Miscellaneous information Т. 1 (1952, 158 с., [4 л. прилож.]:ил.)
653 0# - INDEX TERM--UNCONTROLLED
Uncontrolled term Археология - Сибирь - Исследования
700 1# - ADDED ENTRY--PERSONAL NAME
Personal name Киселев, С.В.
Relator term ред.
Relationship edt
710 2# - ADDED ENTRY--CORPORATE NAME
Corporate name or jurisdiction name as entry element Институт истории материальной культуры АН СССР.
942 ## - ADDED ENTRY ELEMENTS (KOHA)
Source of classification or shelving scheme Universal Decimal Classification
Koha item type Գրքեր / Books
Holdings
Withdrawn status Lost status Source of classification or shelving scheme Damaged status Not for loan Collection Home library Current library Date acquired Serial enumeration / chronology Total checkouts Full call number Barcode Date last seen Price effective from Koha item type Public note
    Universal Decimal Classification     General Fundamental Scientific Library Fundamental Scientific Library 30/04/2019 Т. 1   РД III/13863 FL0576667 30/04/2019 30/04/2019 Գրքեր / Books 30 Days Loan
    Universal Decimal Classification     General Fundamental Scientific Library Fundamental Scientific Library 30/04/2019 Т. 1   РД III/13862 FL0576668 30/04/2019 30/04/2019 Գրքեր / Books 30 Days Loan
    Universal Decimal Classification     General Fundamental Scientific Library Fundamental Scientific Library 30/04/2019 Т. 1   РД III/13861 FL0576669 30/04/2019 30/04/2019 Գրքեր / Books 30 Days Loan


ՀՀ ԳԱԱ հիմնարար գիտական գրադարան
ՀՀ,Երևան 0019
Մարշալ Բաղրամյան 24/6
հեռախոս:(374-10) 52-47-50
Հետադարձ կապ

All site content, except where otherwise noted, is licensed under a
Creative Commons License